New England Patriots 2021-2022 Roster - Statistics

General Stats
  • This quiz has been taken 387 times
  • The average score is 23 of 52
Answer Stats
Hint Answer % Correct
QB Mac Jones
100%
RB Damien Harris
91%
TE Hunter Henry
85%
RB Rhamondre Stevenson
84%
QB Brian Hoyer
83%
WR Jakobi Meyers
79%
TE Jonnu Smith
77%
WR Kendrick Bourne
77%
S Devin McCourty
69%
CB J.C. Jackson
69%
LB Matthew Judon
69%
QB Jarrett Stidham
68%
C David Andrews
67%
K Nick Folk
65%
WR Nelson Agholor
61%
LT Trent Brown
61%
P Jake Bailey
55%
LB Dont’a Hightower
54%
WR N’Keal Harry
54%
RB Brandon Bolden
48%
DB Kyle Dugger
47%
RG Shaq Mason
47%
LT Isaiah Wynn
45%
RB J.J. Taylor
45%
CB Jalen Mills
41%
RE Lawrence Guy
41%
RE Christian Barmore
40%
WR Matthew Slater
38%
TE Devin Asiasi
37%
LG Mike Onwenu
37%
LB Ja’Whaun Bentley
36%
LB Kyle Van Noy
36%
S Adrian Phillips
35%
LS Joe Cardona
35%
LE Deatrich Wise Jr.
31%
LG Ted Karras
30%
RB Jakob Johnson
29%
LB Josh Uche
29%
DL Davon Godchaux
25%
CB Joejuan Williams
23%
CB Myles Bryant
23%
WR Gunner Olszewski
18%
LE Carl Davis
15%
S Cody Davis
15%
RT Justin Herron
15%
LT Yodny Cajuste
14%
LB Ronnie Perkins
13%
CB Shaun Wade
12%
LB Jahlani Tavai
10%
S Justin Bethel
10%
LB Brandon King
9%
RG Yasir Durant
8%
No matching quizzes found
Score Distribution
Percent of People with Each Score
Percentile by Number Answered
Your Score History
You have not taken this quiz